|
|
|
|
| LEADER |
00000nam0a2200000 4500 |
| 001 |
95870 |
| 005 |
20231031110313.0 |
| 010 |
|
|
|a 5244003968
|
| 035 |
|
|
|a (RuTPU)RU\TPU\book\102634
|
| 090 |
|
|
|a 95870
|
| 100 |
|
|
|a 20060504d1991 km y0rusy50 ca
|
| 101 |
0 |
|
|a rus
|
| 102 |
|
|
|a RU
|
| 105 |
|
|
|a y z 001zy
|
| 200 |
1 |
|
|a Население Китая
|f Е. С. Баженова, А. В. Островский
|
| 210 |
|
|
|a Москва
|c Мысль
|d 1991
|
| 215 |
|
|
|a 238 с.
|
| 320 |
|
|
|a Библиогр.: с. 233-236.
|
| 610 |
1 |
|
|a социология
|
| 610 |
1 |
|
|a демография
|
| 610 |
1 |
|
|a население
|
| 610 |
1 |
|
|a Китай
|
| 610 |
1 |
|
|a демографическая политика
|
| 610 |
1 |
|
|a китайское общество
|
| 610 |
1 |
|
|a КНР
|
| 610 |
1 |
|
|a занятость
|
| 686 |
|
|
|a С7(5Кит)
|2 rubbk
|
| 700 |
|
1 |
|a Баженова
|b Е. С.
|g Елена Степановна
|
| 701 |
|
1 |
|a Островский
|b А. В.
|g Андрей Владимирович
|
| 801 |
|
1 |
|a RU
|b 63413507
|c 20060504
|g PSBO
|
| 801 |
|
2 |
|a RU
|b 63413507
|c 20160602
|g PSBO
|
| 942 |
|
|
|c BK
|